Statistics for Countries That Export the Most T-Shirts

Click here to take the quiz!

General Stats

  • This quiz has been taken 18 times
  • The average score is 12 of 15

Answer Stats

% of World's
Exported T-Shirts
Country% Correct
16.1%China
100%
4.9%India
100%
1.8%United States
100%
2.2%Mexico
94%
4.9%Vietnam
94%
5.8%Germany
89%
2.4%France
83%
4.1%Italy
83%
2%Poland
83%
15%Bangladesh
78%
2.6%Spain
72%
2.9%Netherlands
67%
5.6%Turkey
67%
2.9%Belgium
56%
2.1%Portugal
56%

Score Distribution

Percentile by Number Answered

Percent of People with Each Score

Your Score History

You have not taken this quiz